Malaga cf - Estadísticas

Estadísticas generales
  • Esta prueba ha sido intentada 10 veces
  • La puntuación promedio es 2 de 10
Estadísticas de respuestas
Hint Respuesta % Correcto
38 Duda
80%
57 Basti
30%
37 Darío Silva
30%
27 Eliseu
30%
55 Salva Ballesta
20%
194 Pedro Bazán
10%
26 Roque Santa Cruz
10%
27 Salomón Rondón
10%
49 Valdés
10%
80 Bernardi
0%
No se encontraron pruebas coincidentes
Distribución de puntuación
Porcentaje de gente con cada puntuación
Porcentaje por número respondido
Historial de tus puntuaciones
No has intentado esta prueba.